Documento firmado por Don Gaspar Hurtado de Mendoza (Record no. 4702)
[ view plain ]
| 000 -CABECERA | |
|---|---|
| campo de control de longitud fija | 01893nam a2200313 a 4500 |
| 001 - NÚMERO DE CONTROL | |
| campo de control | BRCA_5008 |
| 005 - FECHA Y HORA DE LA ÚLTIMA TRANSACCIÓN | |
| campo de control | 20190320204912.0 |
| 008 - DATOS DE LONGITUD FIJA--INFORMACIÓN GENERAL | |
| campo de control de longitud fija | 291010s1748----mx-######v---#000-0#spa-# |
| 041 ## - CÓDIGO DE LENGUA | |
| Código de lengua del texto/banda sonora o título independiente | spa |
| 044 ## - CÓDIGO DEL PAÍS DE LA ENTIDAD EDITORA/PRODUCTORA | |
| Código MARC del país | mx |
| 084 ## - OTRO NÚMERO DE CLASIFICACIÓN | |
| Número de clasificación | DOC72 |
| Número de documento/Ítem | .H87 |
| -- | 1748 |
| 100 1# - ENTRADA PRINCIPAL--NOMBRE DE PERSONA | |
| Nombre de persona | Hurtado de Mendoza, Gaspar |
| 9 (RLIN) | 12772 |
| 245 10 - MENCIÓN DE TÍTULO | |
| Título | Documento firmado por Don Gaspar Hurtado de Mendoza |
| Mención de responsabilidad, etc. | Gaspar Hurtado de Mendoza. |
| 260 ## - PUBLICACIÓN, DISTRIBUCIÓN, ETC. | |
| Lugar de publicación, distribución, etc. | México |
| Fecha de publicación, distribución, etc. | 1748 |
| 300 ## - DESCRIPCIÓN FÍSICA | |
| Extensión | [39] fojas |
| Dimensiones | 31 x 22 cm. |
| 500 ## - NOTA GENERAL | |
| Nota general | Documento que contiene la relación de los gastos hechos por concepto de Obras Públicas en la Ciudad de México por orden del señor Alcalde Ordinario Don Gaspar Hurtado de Mendoza, regidor Perpetuo de la Ciudad y Juez Superintendente. Dichas obras fueron: el empedrado de la calle de San Francisco y los Albañales de la Plaza de Santo Domingo, empedrado de uno de los Cuarteles, limpia del Santuario de Guadalupe, Calzada de la Merced de la Huertas que sale al Pueblo de Popotla, Calzada y Puente de mampostería de Popotla, limpia de acequias y demás gastos. |
| 500 ## - NOTA GENERAL | |
| Nota general | Contiene sellos con el escudo de la casa de Borbón y lema: ´SELLO QUARTO. UN QUARTILLO. AÑOS DE MIL SETECIENTOS Y QUARENTA Y SIETE Y QUARENTA Y OCHO´. |
| 500 ## - NOTA GENERAL | |
| Nota general | En interior del documento se encuentran hojas de diversos tamaños. |
| 500 ## - NOTA GENERAL | |
| Nota general | El documento contiene la leyenda DOC. #232. |
| 500 ## - NOTA GENERAL | |
| Nota general | Papel con marca de agua. |
| 500 ## - NOTA GENERAL | |
| Nota general | Estado de conservación: manchas causadas por la acides de la tinta y tiene los márgenes maltrados. |
| 506 0# - NOTA DE RESTRICCIONES AL ACCESO | |
| Limitaciones de acceso | Fondo Reservado. Para su consulta es necesario credencial de usuario y carta de motivos. |
| 546 ## - NOTA DE LENGUA/LENGUAJE | |
| Nota de lengua/lenguaje | Texto en : español de mediados del siglo XVIII. |
| 600 14 - PUNTO DE ACCESO ADICIONAL DE MATERIA--NOMBRE DE PERSONA | |
| Nombre de persona | Hurtado de Mendoza, Gaspar |
| Subdivisión general | Historia |
| 9 (RLIN) | 12773 |
| 650 14 - PUNTO DE ACCESO ADICIONAL DE MATERIA--TÉRMINO DE MATERIA | |
| Término de materia o nombre geográfico como elemento de entrada | Obras públicas |
| Subdivisión geográfica | Mèxico |
| 9 (RLIN) | 12774 |
| 651 #4 - PUNTO DE ACCESO ADICIONAL DE MATERIA--NOMBRE GEOGRÁFICO | |
| Nombre geográfico | México |
| Subdivisión de forma | Manuscrito |
| Subdivisión general | Historia |
| Subdivisión cronológica | Colonia, 1521-1821 |
| 9 (RLIN) | 12775 |
| 902 ## - CATALOGADOR | |
| Iniciales | FDH |
| 942 ## - ELEMENTOS DE PUNTO DE ACCESO ADICIONAL (KOHA) | |
| Fuente del sistema de clasificación o colocación | Library of Congress Classification |
| Tipo de ítem Koha | Documentos |
| Estado de retiro | Estado de pérdida | Estado dañado | No para préstamo | Localización permanente | Ubicación/localización actual | Fecha de adquisición | Total de préstamos | Signatura topográfica completa | Código de barras | Fecha visto por última vez | Precio válido a partir de | Tipo de ítem Koha |
|---|---|---|---|---|---|---|---|---|---|---|---|---|
| El ejemplar forma parte de la colección y puede ser consultado según las políticas vigentes. | Biblioteca del Museo Franz Mayer (Rogerio Casas-Alatriste) | Biblioteca del Museo Franz Mayer (Rogerio Casas-Alatriste) | 29/10/2010 | DOC72 .H87 1748 | 5096 | 22/03/2019 | 22/03/2019 | Documentos |